LEADER 01168nam0 22002771i 450 001 UON00337090 005 20231205104243.759 100 $a20091009d1927 |0itac50 ba 101 $afre 102 $aFR 105 $a|||| 1|||| 200 1 $aHistoire du Romantisme suivie de Notices romantiques et d'une Étude sur la poésie française, 1830-1868$fThéophile Gautier 210 $aParis$cCharpentier$d1927 215 $a408 p.$d18 cm. 464 1$1001UON00337097$12001 $aÉtude sur la poésie française$fThéophile Gautier. 464 1$1001UON00337094$12001 $aNotices romatiques$fThéophile Gautier. 620 $aFR$dParis$3UONL002984 676 $a841$cPoesia francese$v21 700 1$aGautier$bThéophile$3UONV113091$0171383 712 $aCharpentier$3UONV258512$4650 801 $aIT$bSOL$c20260213$gRICA 899 $aSIBA - SISTEMA BIBLIOTECARIO DI ATENEO E ARCHIVIO STORICO$2UONSI 912 $aUON00337090 950 $aSIBA - SISTEMA BIBLIOTECARIO DI ATENEO E ARCHIVIO STORICO$dSI V A GAU $eSI MR 11921 5 996 $aHistoire du Romantisme$9517602 997 $aUNIOR